Feminilidade : o perigo do prazer = La feminidad: el peligro de placer /
Na minha lista:
| Autor principal: | |
|---|---|
| Formato: | Desconhecido |
| Idioma: | Portuguese |
| Publicado em: |
Petrópolis :
Vozes,
1985.
|
| Edição: | 2 edición |
| Assuntos: | |
| Tags: |
Adicionar Tag
Sem tags, seja o primeiro a adicionar uma tag!
|
MARC
| LEADER | 000000000a22000000004500 | ||
|---|---|---|---|
| 001 | 013099 | ||
| 041 | 0 | |a por | |
| 082 | 0 | 4 | |a 155.633 |b P693f |
| 100 | 1 | |a Monteiro, Marli Piva | |
| 245 | 1 | 0 | |a Feminilidade : |b o perigo do prazer = La feminidad: el peligro de placer / |c Marli Piva Monteiro. |
| 246 | 3 | 1 | |a La feminidad: el peligro de placer |
| 250 | |a 2 edición | ||
| 260 | 1 | |a Petrópolis : |b Vozes, |c 1985. | |
| 300 | |a 126 páginas ; |c 21 cm. | ||
| 650 | 4 | |a MUJERES - PSICOLOGIA | |
| 650 | 4 | |a LA FEMINIDAD | |
| 650 | 4 | |a LAS MUJERES Y EL PSICOANALISIS | |
| 650 | 4 | |a PAPEL DE SEXO | |
| 500 | |a Colección George Yúdice | ||
| 999 | |c 19040 |d 19040 | ||
| 942 | |c BK |h 155.633 P693f |2 z | ||
